<?xml version="1.0" encoding="UTF-8"?><?xml-stylesheet type="text/xsl" href="static/style.xsl"?><OAI-PMH xmlns="http://www.openarchives.org/OAI/2.0/" xmlns:xsi="http://www.w3.org/2001/XMLSchema-instance" xsi:schemaLocation="http://www.openarchives.org/OAI/2.0/ http://www.openarchives.org/OAI/2.0/OAI-PMH.xsd"><responseDate>2026-06-03T01:34:23Z</responseDate><request verb="GetRecord" identifier="oai:riuma.uma.es:10630/20792" metadataPrefix="marc">https://riuma.uma.es/rest/oai/request</request><GetRecord><record><header><identifier>oai:riuma.uma.es:10630/20792</identifier><datestamp>2026-02-03T12:04:50Z</datestamp><setSpec>com_10630_2254</setSpec><setSpec>col_10630_37959</setSpec></header><metadata><record xmlns="http://www.loc.gov/MARC21/slim" xmlns:dcterms="http://purl.org/dc/terms/" xmlns:doc="http://www.lyncode.com/xoai" xmlns:xsi="http://www.w3.org/2001/XMLSchema-instance" xsi:schemaLocation="http://www.loc.gov/MARC21/slim http://www.loc.gov/standards/marcxml/schema/MARC21slim.xsd">
   <leader>00925njm 22002777a 4500</leader>
   <datafield ind2=" " ind1=" " tag="042">
      <subfield code="a">dc</subfield>
   </datafield>
   <datafield ind2=" " ind1=" " tag="720">
      <subfield code="a">Landete Tormo, Marta Belén</subfield>
      <subfield code="e">author</subfield>
   </datafield>
   <datafield ind2=" " ind1=" " tag="260">
      <subfield code="c">2021-01-19</subfield>
   </datafield>
   <datafield ind2=" " ind1=" " tag="520">
      <subfield code="a">Frente a los grandes desafíos globales que suponen las actuales y futuras crisis climáticas, ecológicas y socio-políticas, la educación debe de servir como medio para caminar hacia la transformación y construcción de sociedades igualitarias, equitativas, integrales y cooperativas con una fuerte perspectiva ecosocial; donde los aspectos sociales y la ecología confluyan y supongan derechos inquebrantables, poniendo la vida en el centro. Esta concepción de educación es la base desde la que parte el siguiente trabajo. A través de las unidades didácticas  ¡Guardianas y guardianes del Ecosistema Tierra!, se propuso abordar, de forma presencial y telemática, parte de los contenidos del Bloque de Ecosistemas destinadas al alumnado de 1ºESO del IES Cartima,  siguiendo como hilo conductor la aplicación de metodologías activas de la indagación y el activismo educativo en combinación con las dinámicas del A.B.P propias del centro educativo.</subfield>
   </datafield>
   <datafield ind1="8" ind2=" " tag="024">
      <subfield code="a">https://hdl.handle.net/10630/20792</subfield>
   </datafield>
   <datafield tag="653" ind2=" " ind1=" ">
      <subfield code="a">Biodiversidad</subfield>
   </datafield>
   <datafield ind2="0" ind1="0" tag="245">
      <subfield code="a">Comunicación oral: ¡Guardianas y Guardianes del Ecosistema Tierra! La indagación y el activismo educativo cooperativo como metodología educativa activa para la enseñanza de los ecosistemas desde un enfoque transversal y ecosocial</subfield>
   </datafield>
</record>
</metadata></record></GetRecord></OAI-PMH>